[Event "Zalakaros op 34th"]
[Site "Zalakaros"]
[Date "2015.05.20"]
[Round "7"]
[White "Madl, Ildiko"]
[Black "Tantsiura, Marja"]
[Result "1-0"]
[WhiteElo "2356"]
[BlackElo "2262"]
[PlyCount "85"]
[EventDate "2015.05.14"]
[EventType "swiss"]
[EventRounds "9"]
[EventCountry "HUN"]
[SourceTitle "CBM 166 Extra"]
[Source "ChessBase"]
[SourceDate "2015.06.18"]
[SourceVersion "1"]
[SourceVersionDate "2015.06.18"]
[SourceQuality "1"]

1. e4 c5 2. Nf3 e6 3. b3 a6 4. Qe2 Nc6 5. Bb2 Nge7 6. g3 d5 7. exd5 Nxd5 8. Bg2 Nf6 9. Na3 Be7 10. Nc4 0-0 11. 0-0 Rb8 12. a4 Nd5 13. Nce5 Nxe5 14. Bxe5 Bd6 15. d4 cxd4 16. Bxd4 b5 17. axb5 axb5 18. Ne5 Qc7 19. c4 bxc4 20. bxc4 Ne7 21. c5 Nf5 22. cxd6 Nxd4 23. dxc7 Nxe2+ 24. Kh1 Rb5 25. Nc6 g6 26. Ne7+ Kg7 27. Ra8 Rc5 28. Rxc8 Rxc8 29. Nxc8 Rxc7 30. Nd6 Rc2 31. Bf3 Nd4 32. Be4 Re2 33. Kg2 Nf5 34. Bf3 Ra2 35. Nxf5+ exf5 36. Rb1 g5 37. Rb7 Ra6 38. Bd5 Rf6 39. Kf3 f4 40. g4 Kg6 41. Rc7 h5 42. Bxf7+ Kh6 43. gxh5 1-0

[Event "Zalakaros op 34th"]
[Site "Zalakaros"]
[Date "2015.05.19"]
[Round "6"]
[White "Tantsiura, Marja"]
[Black "Ekdyshman, Mikhail"]
[Result "1/2-1/2"]
[WhiteElo "2262"]
[BlackElo "2362"]
[PlyCount "71"]
[EventDate "2015.05.14"]
[EventType "swiss"]
[EventRounds "9"]
[EventCountry "HUN"]
[SourceTitle "CBM 166 Extra"]
[Source "ChessBase"]
[SourceDate "2015.06.18"]
[SourceVersion "1"]
[SourceVersionDate "2015.06.18"]
[SourceQuality "1"]

1. e4 c5 2. c3 d5 3. exd5 Qxd5 4. d4 Nf6 5. Na3 e6 6. Nb5 Na6 7. Be3 cxd4 8. Qxd4 Qxd4 9. Bxd4 b6 10. a4 Nd7 11. a5 Kd8 12. Nf3 Bb7 13. Nd2 e5 14. Be3 Nc7 15. Rd1 bxa5 16. Nb3 Bc6 17. Nxc7 Kxc7 18. Nxa5 Be4 19. f3 Bg6 20. Bb5 Nb6 21. 0-0 a6 22. Bc6 Rb8 23. Bxb6+ Kxb6 24. b4 Bf5 25. Bd7 Bc2 26. Rd2 Kc7 27. Nc6 Rb6 28. Nxe5 Bb3 29. Be8 Bd6 30. Bxf7 Bxe5 31. Bxb3 Bxc3 32. Rc1 Rc6 33. Rdc2 Bd4+ 34. Kf1 Rxc2 35. Rxc2+ Kb6 36. Ba4 1/2-1/2

[Event "EU-ch U18 Girls 24th"]
[Site "Batumi"]
[Date "2014.10.22"]
[Round "4"]
[White "Tantsiura, Marja"]
[Black "Kakulidis, Ellen"]
[Result "1-0"]
[WhiteElo "2352"]
[BlackElo "1647"]
[PlyCount "35"]
[EventDate "2014.10.19"]
[EventType "swiss"]
[EventRounds "9"]
[EventCountry "GEO"]
[SourceTitle "EXT 2015"]
[Source "ChessBase"]
[SourceDate "2014.11.20"]
[SourceVersion "1"]
[SourceVersionDate "2014.11.20"]
[SourceQuality "1"]

1. e4 e6 2. d4 d5 3. Nd2 Nc6 4. Ngf3 Nf6 5. e5 Nd7 6. c4 dxc4 7. Nxc4 Nb4 8. a3 Nd5 9. Bd3 Be7 10. 0-0 a6 11. Nfd2 b6 12. Qg4 Kf8 13. Ne4 h6 14. Ng3 Qe8 15. Ne3 Nxe3 16. fxe3 Kg8 17. Nh5 Bf8 18. Be4 1-0

[Event "Lvov Vasylyshyn Memorial IM 10th"]
[Site "Lvov"]
[Date "2013.11.27"]
[Round "9"]
[White "Tantsiura, Marja"]
[Black "Zajarnyi, Anatolyi"]
[Result "0-1"]
[WhiteElo "2206"]
[BlackElo "2285"]
[PlyCount "124"]
[EventDate "2013.11.19"]
[EventType "tourn"]
[EventRounds "9"]
[EventCountry "UKR"]
[EventCategory "1"]
[SourceTitle "CBM 157 Extra"]
[Source "ChessBase"]
[SourceDate "2013.12.19"]
[SourceVersion "1"]
[SourceVersionDate "2013.12.19"]
[SourceQuality "1"]

1. e4 Nc6 2. Nf3 d6 3. d4 Nf6 4. Nc3 g6 5. d5 Nb8 6. Bc4 Bg4 7. h3 Bxf3 8. Qxf3 Bg7 9. Be3 Nbd7 10. Qe2 0-0 11. 0-0 c6 12. dxc6 bxc6 13. Rad1 Qc7 14. Bb3 e6 15. Qd2 d5 16. exd5 cxd5 17. Nb5 Qb8 18. Qa5 Rc8 19. Na3 Ne4 20. c4 Ndc5 21. cxd5 Nxb3 22. axb3 Qxb3 23. d6 Rd8 24. Nb5 Rd7 25. Bxa7 Bf8 26. Nc7 Rad8 27. Qe5 Rxd6 28. Bd4 f6 29. Qxe4 e5 30. Rd3 Qc4 31. Rc3 Qxd4 32. Qf3 Qb6 33. Qe2 Kh8 34. Rc2 Rc8 35. Rfc1 Bh6 36. Nb5 Rxc2 37. Rxc2 Rd8 38. Qf3 Bg7 39. Na3 f5 40. Nc4 Qb5 41. Nd6 Qd7 42. Qd5 h6 43. Rc6 Kh7 44. Qc4 e4 45. b4 Qe7 46. Qc5 Rd7 47. Nc4 Qxc5 48. bxc5 Rd1+ 49. Kh2 Rc1 50. Ne3 Bd4 51. Rc7+ Kg8 52. Rc8+ Kf7 53. Rc7+ Ke8 54. Rc6 Kf7 55. Rc7+ Kf6 56. Rc6+ Kg5 57. h4+ Kh5 58. Nd5 Bxf2 59. g3 Bd4 60. Nf4+ Kg4 61. Rxg6+ Kf3 62. Ne6 Bg1+ 0-1

[Event "Lvov Vasylyshyn Memorial IM 10th"]
[Site "Lvov"]
[Date "2013.11.24"]
[Round "6"]
[White "Grekh, Andrey"]
[Black "Tantsiura, Marja"]
[Result "1-0"]
[WhiteElo "2375"]
[BlackElo "2206"]
[PlyCount "87"]
[EventDate "2013.11.19"]
[EventType "tourn"]
[EventRounds "9"]
[EventCountry "UKR"]
[EventCategory "1"]
[SourceTitle "CBM 157 Extra"]
[Source "ChessBase"]
[SourceDate "2013.12.19"]
[SourceVersion "1"]
[SourceVersionDate "2013.12.19"]
[SourceQuality "1"]

1. e4 c5 2. Nf3 e6 3. d4 cxd4 4. Nxd4 a6 5. Bd3 Bc5 6. Nb3 Ba7 7. 0-0 Nc6 8. Qe2 d6 9. Be3 Nf6 10. N1d2 0-0 11. c4 Bxe3 12. Qxe3 b6 13. f4 Ra7 14. Rad1 Rd7 15. Nf3 Bb7 16. e5 Ng4 17. Qe2 Nh6 18. Qd2 Ne7 19. Kh1 Nef5 20. Bxf5 Nxf5 21. c5 Bxf3 22. Rxf3 d5 23. c6 Rc7 24. Rc1 Qa8 25. g4 Ne7 26. Nd4 Ng6 27. Rh3 Qd8 28. Rf1 Re8 29. g5 Qe7 30. Rb3 Rb8 31. a4 Rcc8 32. Qf2 Qc5 33. Rc3 Qb4 34. c7 Ra8 35. f5 exf5 36. Nxf5 Nxe5 37. Qf4 Qxf4 38. Rxf4 Ng6 39. Rf1 Ra7 40. Rfc1 d4 41. Nxd4 Ne7 42. Re1 Ng6 43. Nf5 h6 44. Rec1 1-0

[Event "Lvov Vasylyshyn Memorial IM 10th"]
[Site "Lvov"]
[Date "2013.11.23"]
[Round "5"]
[White "Tantsiura, Marja"]
[Black "Anwesh, Upadhyaya"]
[Result "0-1"]
[WhiteElo "2206"]
[BlackElo "2348"]
[PlyCount "60"]
[EventDate "2013.11.19"]
[EventType "tourn"]
[EventRounds "9"]
[EventCountry "UKR"]
[EventCategory "1"]
[SourceTitle "CBM 157 Extra"]
[Source "ChessBase"]
[SourceDate "2013.12.19"]
[SourceVersion "1"]
[SourceVersionDate "2013.12.19"]
[SourceQuality "1"]

1. e4 e5 2. Nf3 Nc6 3. Bb5 a6 4. Ba4 Nf6 5. 0-0 Be7 6. Re1 b5 7. Bb3 0-0 8. a4 Bb7 9. d4 Nxd4 10. Nxd4 exd4 11. e5 Ne4 12. Qg4 d5 13. exd6 Bxd6 14. Na3 Kh8 15. axb5 axb5 16. Ra2 f5 17. Qh3 Bc6 18. c3 Nc5 19. Bc2 d3 20. Bd1 Bd5 21. Ra1 Re8 22. Rf1 Nb3 23. Bxb3 Bxb3 24. Qxf5 Bxa3 25. Rxa3 Rxa3 26. Bg5 Qd6 27. bxa3 d2 28. Bxd2 Qxd2 29. Qxb5 Bf7 30. Qc5 Re1 0-1

[Event "EU-ch U18 Girls 23rd"]
[Site "Budva"]
[Date "2013.10.05"]
[Round "6"]
[White "Tantsiura, Marja"]
[Black "Ivanova, Karina"]
[Result "1-0"]
[WhiteElo "2189"]
[BlackElo "2018"]
[PlyCount "73"]
[EventDate "2013.09.29"]
[EventType "swiss"]
[EventRounds "9"]
[EventCountry "MNE"]
[SourceTitle "CBM 156 Extra"]
[Source "ChessBase"]
[SourceDate "2013.10.22"]
[SourceVersion "1"]
[SourceVersionDate "2013.10.22"]
[SourceQuality "1"]

1. Nf3 Nf6 2. g3 d5 3. Bg2 c6 4. 0-0 Bg4 5. h3 Bf5 6. d3 e6 7. Nh4 Bg6 8. Nd2 Bd6 9. Qe1 Nbd7 10. e4 0-0 11. f4 dxe4 12. dxe4 Re8 13. Kh1 Bc7 14. Nxg6 hxg6 15. e5 Nd5 16. Ne4 b5 17. Bd2 Qe7 18. c3 c5 19. Ng5 c4 20. g4 Rac8 21. Qh4 Nf8 22. Rae1 Qd7 23. Bc1 Bd8 24. Rd1 Rc5 25. Qf2 Rc8 26. Ne4 Bb6 27. Qg3 Bc7 28. f5 Qc6 29. fxe6 fxe6 30. Ng5 Bd8 31. Nxe6 Nxe6 32. Rxd5 Qc7 33. Rd6 Kh8 34. g5 Nf8 35. Be4 Be7 36. Qh4+ Nh7 37. Bxg6 1-0

[Event "EU-ch U18 Girls 23rd"]
[Site "Budva"]
[Date "2013.10.03"]
[Round "5"]
[White "Oliveira, Maria Ines"]
[Black "Tantsiura, Marja"]
[Result "1/2-1/2"]
[WhiteElo "1984"]
[BlackElo "2189"]
[PlyCount "81"]
[EventDate "2013.09.29"]
[EventType "swiss"]
[EventRounds "9"]
[EventCountry "MNE"]
[SourceTitle "CBM 156 Extra"]
[Source "ChessBase"]
[SourceDate "2013.10.22"]
[SourceVersion "1"]
[SourceVersionDate "2013.10.22"]
[SourceQuality "1"]

1. e4 g6 2. d4 Bg7 3. Nc3 d6 4. f4 Nf6 5. Nf3 0-0 6. Bd3 Na6 7. 0-0 c5 8. d5 Nc7 9. Qe1 Rb8 10. a4 b6 11. Qh4 a6 12. Nd1 c4 13. Bxc4 Nxe4 14. Ng5 Nxg5 15. fxg5 e6 16. Ne3 exd5 17. Bxd5 Qe7 18. Bb3 d5 19. c3 Qc5 20. Kh1 Bd7 21. Bd2 Rbe8 22. Rfe1 Re4 23. Qf2 Qd6 24. Nc2 Ne6 25. Rxe4 dxe4 26. Be3 Nc5 27. Bxc5 bxc5 28. Ne3 Be6 29. Rd1 Qe5 30. Bxe6 fxe6 31. Qh4 Rf4 32. Qg3 Bf8 33. Nc4 Qd5 34. Rg1 Rf7 35. Ne3 Qd2 36. Nc4 Qe2 37. b3 Rf1 38. Qe3 Rxg1+ 39. Kxg1 Qd1+ 40. Kf2 Qc2+ 41. Kf1 1/2-1/2

[Event "UKR-ch (Women) 73rd"]
[Site "Kiev"]
[Date "2013.06.26"]
[Round "9"]
[White "Tantsiura, Marja"]
[Black "Babiy, Olga"]
[Result "1/2-1/2"]
[WhiteElo "2195"]
[BlackElo "2292"]
[PlyCount "133"]
[EventDate "2013.06.15"]
[EventType "tourn"]
[EventRounds "9"]
[EventCountry "UKR"]
[EventCategory "4"]
[SourceTitle "CBM 155 Extra"]
[Source "ChessBase"]
[SourceDate "2013.08.26"]
[SourceVersion "1"]
[SourceVersionDate "2013.08.26"]
[SourceQuality "1"]

1. e4 c5 2. Nf3 e6 3. d4 cxd4 4. Nxd4 a6 5. Bd3 Nf6 6. 0-0 Qc7 7. Nd2 d6 8. Qe2 g6 9. f4 Bg7 10. Kh1 0-0 11. N2f3 Nbd7 12. c3 b5 13. e5 Nd5 14. Re1 Nc5 15. Bc2 Bb7 16. Qf2 b4 17. c4 Nb6 18. b3 d5 19. cxd5 Nxd5 20. Bd2 Qe7 21. Rac1 Rfc8 22. Ng5 Rc7 23. Qg3 Rac8 24. f5 gxf5 25. Bxf5 h6 26. Ngf3 Kh8 27. Bb1 Nc3 28. Bxc3 bxc3 29. Re3 c2 30. Rxc2 Ne4 31. Qe1 Ng5 32. Rxc7 Rxc7 33. Ng1 Qc5 34. Qd2 Bxe5 35. Nde2 Bf6 36. Rh3 Qd5 37. Rxh6+ Kg7 38. Qxd5 Bxd5 39. Rh4 Be7 40. Ra4 Bb7 41. h4 Nh7 42. Be4 Bc8 43. Bd3 Rc6 44. Nf3 f5 45. Nfd4 Rd6 46. Rc4 Bd7 47. Rc7 Kf8 48. Ra7 e5 49. Bxf5 exd4 50. Rxd7 Rxd7 51. Bxd7 d3 52. Nc3 d2 53. g3 Nf6 54. Bf5 Nd5 55. Nd1 Kg7 56. Kg2 Kf6 57. Be4 Nc7 58. Kf3 Ke5 59. Bb1 Kd4 60. Ke2 Bd6 61. g4 Bg3 62. h5 Bf4 63. Bd3 Nd5 64. Bf5 Bg5 65. a3 Nc3+ 66. Nxc3 Kxc3 67. b4 1/2-1/2

[Event "UKR-ch (Women) 73rd"]
[Site "Kiev"]
[Date "2013.06.22"]
[Round "5"]
[White "Tantsiura, Marja"]
[Black "Osmak, Iulija"]
[Result "1-0"]
[WhiteElo "2195"]
[BlackElo "2210"]
[PlyCount "87"]
[EventDate "2013.06.15"]
[EventType "tourn"]
[EventRounds "9"]
[EventCountry "UKR"]
[EventCategory "4"]
[SourceTitle "CBM 155 Extra"]
[Source "ChessBase"]
[SourceDate "2013.08.26"]
[SourceVersion "1"]
[SourceVersionDate "2013.08.26"]
[SourceQuality "1"]

1. e4 e6 2. d4 d5 3. Nc3 Nf6 4. e5 Nfd7 5. f4 c5 6. Nf3 Nc6 7. Be3 a6 8. Qd2 Qb6 9. 0-0-0 Qa5 10. dxc5 Nxc5 11. Nd4 Nxd4 12. Bxd4 b5 13. Kb1 b4 14. Ne2 Bd7 15. Nc1 Rc8 16. Qe3 Qc7 17. Nb3 Nxb3 18. Qxb3 a5 19. Rc1 a4 20. Qe3 a3 21. b3 Bc5 22. c4 Bxd4 23. Qxd4 Qc5 24. Qxc5 Rxc5 25. cxd5 Rxd5 26. Be2 Ke7 27. Rhd1 f6 28. Rxd5 exd5 29. Rc7 Kd8 30. Rb7 fxe5 31. fxe5 Rf8 32. Bf3 Rf4 33. Kc1 Rd4 34. Rb8+ Ke7 35. Rb7 Ke6 36. h3 Be8 37. Bg4+ Kxe5 38. Re7+ Kd6 39. Rxe8 Rf4 40. Bf3 Kc5 41. Kd2 Kd4 42. Rd8 Rf5 43. Rb8 Kc5 44. Rb7 1-0

[Event "Wch U16 Girls"]
[Site "Maribor"]
[Date "2012.11.12"]
[Round "6.9"]
[White "Tantsiura, Marja"]
[Black "Bellaiche, Elise"]
[Result "1/2-1/2"]
[WhiteElo "2189"]
[BlackElo "1976"]
[PlyCount "30"]
[EventDate "2012.11.08"]
[EventType "swiss"]
[EventRounds "11"]
[EventCountry "SLO"]
[SourceTitle "EXT 2013"]
[Source "ChessBase"]
[SourceDate "2012.11.22"]
[SourceVersion "1"]
[SourceVersionDate "2012.11.22"]
[SourceQuality "1"]

1. e4 c5 2. Nf3 Nc6 3. d4 cxd4 4. Nxd4 g6 5. Nc3 Bg7 6. Be3 Nf6 7. Nxc6 bxc6 8. e5 Ng8 9. Bd4 f6 10. f4 Qa5 11. Qd2 fxe5 12. fxe5 c5 13. Be3 Bxe5 14. Bc4 Nf6 15. 0-0 Bb7 1/2-1/2

[Event "Wch U16 Girls"]
[Site "Maribor"]
[Date "2012.11.10"]
[Round "3.11"]
[White "Zavgorodniaya, Alena"]
[Black "Tantsiura, Marja"]
[Result "0-1"]
[WhiteElo "1952"]
[BlackElo "2189"]
[PlyCount "64"]
[EventDate "2012.11.08"]
[EventType "swiss"]
[EventRounds "11"]
[EventCountry "SLO"]
[SourceTitle "EXT 2013"]
[Source "ChessBase"]
[SourceDate "2012.11.22"]
[SourceVersion "1"]
[SourceVersionDate "2012.11.22"]
[SourceQuality "1"]

1. e4 e6 2. d4 d5 3. Nc3 Bb4 4. a3 Bxc3+ 5. bxc3 dxe4 6. Qg4 Nf6 7. Qxg7 Rg8 8. Qh6 Nbd7 9. Nh3 c5 10. Be2 Qa5 11. Bd2 cxd4 12. cxd4 Qd5 13. Qe3 Qc6 14. c4 Rxg2 15. d5 exd5 16. cxd5 Nxd5 17. Qxe4+ Ne7 18. Qxc6 bxc6 19. Ng5 h6 20. h4 hxg5 21. hxg5 Nf8 22. Kf1 Rg4 23. Bxg4 Bxg4 24. Bb4 a5 25. Bc5 Rb8 26. Re1 Be6 27. f4 Rb5 28. Rc1 Nfg6 29. Bd6 Kd7 30. Rd1 Rd5 31. Rxd5 Bxd5 32. f5 Bxh1 0-1

[Event "EU-ch U16 Girls"]
[Site "Prague"]
[Date "2012.08.21"]
[Round "5"]
[White "Visanescu, Daria Ioana"]
[Black "Tantsiura, Marja"]
[Result "1-0"]
[WhiteElo "2019"]
[BlackElo "2193"]
[PlyCount "69"]
[EventDate "2012.08.17"]
[EventType "swiss"]
[EventRounds "9"]
[EventCountry "CZE"]
[SourceTitle "CBM 150 Extra"]
[Source "ChessBase"]
[SourceDate "2012.10.19"]
[SourceVersion "1"]
[SourceVersionDate "2012.10.19"]
[SourceQuality "1"]

1. e4 g6 2. d4 d6 3. Nc3 Bg7 4. Be3 c6 5. Bd3 b5 6. h3 a6 7. Nf3 Nd7 8. 0-0 e5 9. dxe5 dxe5 10. a4 b4 11. Ne2 Ngf6 12. Ng3 h5 13. c3 bxc3 14. bxc3 Qe7 15. Nh4 Nc5 16. Bc4 Ncxe4 17. Nxe4 Nxe4 18. Qf3 Bf5 19. Nxf5 gxf5 20. Qxf5 Nd6 21. Qf3 e4 22. Qe2 Bxc3 23. Rad1 Rg8 24. Qc2 Nxc4 25. Qxc3 Ne5 26. Bf4 Nf3+ 27. Kh1 Qe6 28. Rd6 Qf5 29. Qxc6+ Kf8 30. Qxa8+ Kg7 31. Bh6+ Kh7 32. Qd5 Ne5 33. Re1 Qxf2 34. Qxe4+ f5 35. Qb7+ 1-0

[Event "EU-ch U16 Girls"]
[Site "Prague"]
[Date "2012.08.20"]
[Round "4"]
[White "Tantsiura, Marja"]
[Black "Shakhmurzova, Fatima"]
[Result "1-0"]
[WhiteElo "2193"]
[BlackElo "1905"]
[PlyCount "89"]
[EventDate "2012.08.17"]
[EventType "swiss"]
[EventRounds "9"]
[EventCountry "CZE"]
[SourceTitle "CBM 150 Extra"]
[Source "ChessBase"]
[SourceDate "2012.10.19"]
[SourceVersion "1"]
[SourceVersionDate "2012.10.19"]
[SourceQuality "1"]

1. e4 e6 2. d3 d5 3. Nd2 c5 4. g3 Nc6 5. Bg2 Nf6 6. Ne2 e5 7. exd5 Nxd5 8. 0-0 Be7 9. Nc3 Be6 10. Re1 Qd7 11. Nde4 f6 12. Nxd5 Bxd5 13. Be3 0-0-0 14. a3 f5 15. c4 Bxe4 16. dxe4 Qxd1 17. Raxd1 fxe4 18. Rd5 Rxd5 19. cxd5 Nd4 20. Bxe4 Bd6 21. Kg2 Kd7 22. h4 h6 23. Kh3 Rf8 24. Kg4 Rf6 25. Kh5 Bf8 26. g4 Rb6 27. Rb1 Be7 28. g5 hxg5 29. hxg5 Ke8 30. f4 exf4 31. Bxf4 Bd6 32. Bxd6 Rxd6 33. Rf1 Ke7 34. g6 Rf6 35. d6+ Rxd6 36. Rf7+ Ke8 37. Rxg7 Re6 38. Bxb7 Re1 39. Rc7 Ne6 40. g7 Rg1 41. Bc6+ Kd8 42. Rd7+ Kc8 43. Kh6 Nd4 44. Rxd4 cxd4 45. Bd5 1-0

[Event "Kharkov Rector Cup (Women) 14th"]
[Site "Kharkov"]
[Date "2012.04.03"]
[Round "9"]
[White "Tantsiura, Marja"]
[Black "Andrenko, Irina"]
[Result "1/2-1/2"]
[WhiteElo "2209"]
[BlackElo "2227"]
[PlyCount "41"]
[EventDate "2012.03.26"]
[EventType "tourn"]
[EventRounds "9"]
[EventCountry "UKR"]
[SourceTitle "CBM 147 Extra"]
[Source "ChessBase"]
[SourceDate "2012.04.24"]
[SourceVersion "1"]
[SourceVersionDate "2012.04.24"]
[SourceQuality "1"]

1. e4 c5 2. Nf3 Nc6 3. d4 cxd4 4. Nxd4 Nf6 5. Nc3 e6 6. Ndb5 Bc5 7. Bf4 0-0 8. Bc7 Qe7 9. Bd6 Bxd6 10. Qxd6 Ne8 11. Qxe7 Nxe7 12. 0-0-0 f5 13. f3 fxe4 14. Nxe4 d5 15. Ned6 a6 16. Nxe8 axb5 17. Nc7 Rxa2 18. Bxb5 Nf5 19. Rhe1 Nd6 20. Bf1 Rf6 21. Nb5 1/2-1/2

[Event "Kharkov Rector Cup (Women) 14th"]
[Site "Kharkov"]
[Date "2012.03.30"]
[Round "5"]
[White "Tantsiura, Marja"]
[Black "Bezkorovaina, Marija"]
[Result "1-0"]
[WhiteElo "2209"]
[BlackElo "2099"]
[PlyCount "55"]
[EventDate "2012.03.26"]
[EventType "tourn"]
[EventRounds "9"]
[EventCountry "UKR"]
[SourceTitle "CBM 147 Extra"]
[Source "ChessBase"]
[SourceDate "2012.04.24"]
[SourceVersion "1"]
[SourceVersionDate "2012.04.24"]
[SourceQuality "1"]

1. e4 c5 2. Nf3 d6 3. d4 cxd4 4. Nxd4 Nf6 5. Nc3 e6 6. Bg5 h6 7. Bxf6 Qxf6 8. Bb5+ Nd7 9. 0-0 Be7 10. f4 a6 11. e5 dxe5 12. Ne4 Qg6 13. f5 exf5 14. Nxf5 axb5 15. Ned6+ Bxd6 16. Nxd6+ Ke7 17. Rxf7+ Kd8 18. Qd5 Qxc2 19. Nxb7+ Kc7 20. Nc5 Qg6 21. Rxd7+ Bxd7 22. Qb7+ Kd6 23. Qxd7+ Kxc5 24. Qc7+ Kd5 25. Rd1+ Ke6 26. Rd6+ Kf5 27. Qc2+ e4 28. Qc5+ 1-0

[Event "Kharkov Rector Cup (Women) 14th"]
[Site "Kharkov"]
[Date "2012.03.27"]
[Round "2"]
[White "Tantsiura, Marja"]
[Black "Karlovich, Anastazia"]
[Result "1/2-1/2"]
[WhiteElo "2209"]
[BlackElo "2213"]
[PlyCount "42"]
[EventDate "2012.03.26"]
[EventType "tourn"]
[EventRounds "9"]
[EventCountry "UKR"]
[SourceTitle "CBM 147 Extra"]
[Source "ChessBase"]
[SourceDate "2012.04.24"]
[SourceVersion "1"]
[SourceVersionDate "2012.04.24"]
[SourceQuality "1"]

1. e4 e5 2. Nf3 Nc6 3. Bb5 f5 4. Nc3 fxe4 5. Nxe4 Nf6 6. Nxf6+ Qxf6 7. Qe2 Be7 8. Bxc6 bxc6 9. Qxe5 d6 10. Qxf6 Bxf6 11. h3 c5 12. 0-0 Bb7 13. Nh2 Kd7 14. Ng4 Rae8 15. d3 Re2 16. Rd1 Bd4 17. c3 h5 18. Ne3 Bxe3 19. Bxe3 Rxb2 20. Rab1 Rxb1 21. Rxb1 Bc6 1/2-1/2

[Event "Kharkov Rector Cup (Women) 14th"]
[Site "Kharkov"]
[Date "2012.03.26"]
[Round "1"]
[White "Shapoval, Galina"]
[Black "Tantsiura, Marja"]
[Result "1-0"]
[WhiteElo "2183"]
[BlackElo "2209"]
[PlyCount "47"]
[EventDate "2012.03.26"]
[EventType "tourn"]
[EventRounds "9"]
[EventCountry "UKR"]
[SourceTitle "CBM 147 Extra"]
[Source "ChessBase"]
[SourceDate "2012.04.24"]
[SourceVersion "1"]
[SourceVersionDate "2012.04.24"]
[SourceQuality "1"]

1. e4 d6 2. d4 Nf6 3. Nc3 g6 4. Be2 Bg7 5. h4 h5 6. Nh3 Nc6 7. Ng5 0-0 8. Be3 e5 9. dxe5 Nxe5 10. f3 a6 11. Qd2 b5 12. 0-0-0 b4 13. Nd5 a5 14. g4 hxg4 15. f4 Nf3 16. Bxf3 gxf3 17. h5 gxh5 18. Bd4 Bg4 19. Rdg1 Nxd5 20. exd5 f6 21. Ne6 Bxe6 22. dxe6 c5 23. f5 Qe7 24. Rxh5 1-0

[Event "UKR-ch (Women)"]
[Site "Poltava"]
[Date "2011.10.14"]
[Round "8"]
[White "Tantsiura, Marja"]
[Black "Zingaylo, Anastasiya"]
[Result "1-0"]
[WhiteElo "2138"]
[BlackElo "2071"]
[PlyCount "91"]
[EventDate "2011.10.07"]
[EventType "swiss"]
[EventRounds "9"]
[EventCountry "UKR"]
[SourceTitle "CBM 144 Extra"]
[Source "ChessBase"]
[SourceDate "2011.10.28"]
[SourceVersion "1"]
[SourceVersionDate "2011.10.28"]
[SourceQuality "1"]

1. e4 c5 2. Nf3 e6 3. d4 cxd4 4. Nxd4 Nf6 5. Nc3 d6 6. Be2 Nc6 7. Be3 Be7 8. 0-0 Bd7 9. f4 a6 10. Bf3 Qc7 11. Qe2 0-0 12. Qf2 e5 13. Nxc6 bxc6 14. Qg3 Rfb8 15. b3 Qa5 16. Ne2 Re8 17. Rad1 exf4 18. Nxf4 Bf8 19. Rd4 d5 20. Nh5 Nxh5 21. Bxh5 g6 22. Ra4 Qc3 23. Qf2 c5 24. Rd4 Be6 25. Bd1 cxd4 26. Bxd4 Bc5 27. Bxc5 dxe4 28. Bd4 e3 29. Qf6 Qxd4 30. Qxd4 Bf5 31. Be2 Rad8 32. Qc4 Rd2 33. g4 Rc8 34. Qxa6 Rcxc2 35. gxf5 Rxe2 36. Qa8+ Kg7 37. f6+ Kh6 38. Qe4 g5 39. h4 Kh5 40. hxg5 Red2 41. Qxh7+ Kg4 42. Qf5+ Kh5 43. Qh7+ Kg4 44. Qf5+ Kh4 45. Rf4+ Kh5 46. g6+ 1-0

[Event "UKR-ch (Women)"]
[Site "Poltava"]
[Date "2011.10.12"]
[Round "6"]
[White "Tantsiura, Marja"]
[Black "Doluhanova, Evgeniya"]
[Result "0-1"]
[WhiteElo "2138"]
[BlackElo "2250"]
[PlyCount "90"]
[EventDate "2011.10.07"]
[EventType "swiss"]
[EventRounds "9"]
[EventCountry "UKR"]
[SourceTitle "CBM 144 Extra"]
[Source "ChessBase"]
[SourceDate "2011.10.28"]
[SourceVersion "1"]
[SourceVersionDate "2011.10.28"]
[SourceQuality "1"]

1. e4 c5 2. Nf3 d6 3. d4 cxd4 4. Nxd4 Nf6 5. Nc3 a6 6. Bg5 e6 7. f4 h6 8. Bh4 Qb6 9. Qd2 Qxb2 10. Rb1 Qa3 11. f5 Be7 12. fxe6 fxe6 13. Bc4 Nxe4 14. Nxe4 Bxh4+ 15. g3 Bg5 16. Nxg5 hxg5 17. Bxe6 Qxg3+ 18. hxg3 Rxh1+ 19. Ke2 Rh2+ 20. Ke3 Rxd2 21. Bxc8 Rxd4 22. Bxb7 Rc4 23. Bxa8 Nd7 24. Be4 Kd8 25. Rd1 Kc7 26. Rd4 Rc3+ 27. Bd3 Ra3 28. Rg4 Ra5 29. Ke2 Kb6 30. Rb4+ Kc6 31. Rg4 Nf6 32. Rc4+ Kb6 33. Rb4+ Ka7 34. Rc4 Rc5 35. Rxc5 dxc5 36. Bc4 Ne4 37. Ke3 Nxg3 38. Bd3 Nh5 39. Ke4 Nf6+ 40. Kf5 g4 41. Kf4 Kb6 42. Bc4 a5 43. a4 Kc6 44. Bf7 Kd6 45. Bb3 g5+ 0-1

[Event "UKR-ch (Women)"]
[Site "Poltava"]
[Date "2011.10.07"]
[Round "1"]
[White "Gaponenko, Inna"]
[Black "Tantsiura, Marja"]
[Result "1/2-1/2"]
[WhiteElo "2445"]
[BlackElo "2138"]
[PlyCount "76"]
[EventDate "2011.10.07"]
[EventType "swiss"]
[EventRounds "9"]
[EventCountry "UKR"]
[SourceTitle "CBM 144 Extra"]
[Source "ChessBase"]
[SourceDate "2011.10.28"]
[SourceVersion "1"]
[SourceVersionDate "2011.10.28"]
[SourceQuality "1"]

1. e4 g6 2. d4 Bg7 3. Nc3 d6 4. f4 a6 5. Nf3 b5 6. Bd3 Nd7 7. e5 c5 8. Ng5 Nh6 9. Qf3 Rb8 10. e6 Nf6 11. dxc5 Bxe6 12. Nxe6 fxe6 13. Qc6+ Kf7 14. cxd6 Qxd6 15. Qxd6 exd6 16. h3 d5 17. g4 Nd7 18. 0-0 Nc5 19. f5 gxf5 20. gxf5 Nxd3 21. fxe6+ Kxe6 22. cxd3 Rhg8 23. Kh1 Bxc3 24. bxc3 Nf5 25. Re1+ Kf6 26. Bf4 Rbe8 27. Rxe8 Rxe8 28. a4 d4 29. axb5 axb5 30. cxd4 Nxd4 31. Rf1 Ke6 32. Bd2 Re7 33. Rf8 Rf7 34. Re8+ Re7 35. Rf8 Rf7 36. Re8+ Re7 37. Rf8 Rf7 38. Re8+ Re7 1/2-1/2

[Event "EU-ch U16 Girls"]
[Site "Albena"]
[Date "2011.09.18"]
[Round "7"]
[White "Tantsiura, Marja"]
[Black "Leks, Maria"]
[Result "1-0"]
[WhiteElo "2138"]
[BlackElo "2108"]
[PlyCount "73"]
[EventDate "2011.09.11"]
[EventType "swiss"]
[EventRounds "9"]
[EventCountry "BUL"]
[SourceTitle "CBM 144 Extra"]
[Source "ChessBase"]
[SourceDate "2011.10.28"]
[SourceVersion "1"]
[SourceVersionDate "2011.10.28"]
[SourceQuality "1"]

1. e4 e5 2. Nf3 Nf6 3. d4 Nxe4 4. Bd3 d5 5. Nxe5 Nd7 6. Nxd7 Bxd7 7. 0-0 Qh4 8. g3 Qf6 9. Nc3 Nxc3 10. bxc3 0-0-0 11. Bf4 Bh3 12. Re1 h5 13. Re5 Qc6 14. Rxh5 Rxh5 15. Qxh5 Be6 16. Bd2 Be7 17. Re1 Qd7 18. h4 Bf6 19. Qe2 Rh8 20. Rb1 Bg4 21. f3 Re8 22. Qf1 Bh3 23. Bb5 Qe6 24. Qf2 c6 25. Bd3 Rh8 26. Qe3 Qd7 27. Qf4 Bd8 28. g4 g6 29. h5 Bc7 30. Qf6 Rg8 31. h6 Qd8 32. Qxd8+ Rxd8 33. Kf2 f5 34. g5 f4 35. Bxg6 Rg8 36. h7 Rh8 37. Bd3 1-0